দর্শনের ইতিকাহিনী / (Record no. 37945)
[ view plain ]
| 000 -LEADER | |
|---|---|
| fixed length control field | 00874nam a2200241 a 4500 |
| 001 - CONTROL NUMBER | |
| control field | 37945 |
| 003 - CONTROL NUMBER IDENTIFIER | |
| rucl marc code | BD-RjUL |
| 005 - DATE AND TIME OF LATEST TRANSACTION | |
| control field | 20211209052707.0 |
| 008 - FIXED-LENGTH DATA ELEMENTS--GENERAL INFORMATION | |
| fixed length control field | 150816s1980 bg ||||| |||| 00| 0 ben d |
| 035 ## - SYSTEM CONTROL NUMBER | |
| System control number | (BD-RjUL)38050 |
| 040 ## - CATALOGING SOURCE | |
| Original cataloging agency | BD-RjUL |
| Language of cataloging | eng |
| Transcribing agency | BD-RjUL |
| 041 ## - LANGUAGE CODE | |
| Language code of text/sound track or separate title | eng |
| 082 ## - DEWEY DECIMAL CLASSIFICATION NUMBER | |
| Edition number | 23 |
| Classification number | 109 |
| Author mark and year | DUD 1980 |
| 100 ## - MAIN ENTRY--PERSONAL NAME | |
| Personal name | ডুরাণ্ট, উইল |
| 9 (RLIN) | 117545 |
| 245 10 - TITLE STATEMENT | |
| Title | দর্শনের ইতিকাহিনী / |
| Statement of responsibility, etc. | উইল ডুরাণ্ট; আবুল ফজল অনুদিত |
| 250 ## - EDITION STATEMENT | |
| Edition statement | ২য় সং. |
| 260 ## - PUBLICATION, DISTRIBUTION, ETC. (IMPRINT) | |
| Place of publication, distribution, etc. | ঢাকা : |
| Name of publisher, distributor, etc. | বাংলা একাডেমী, |
| Date of publication, distribution, etc. | ১৯৮০ |
| 300 ## - PHYSICAL DESCRIPTION | |
| Pagination | ৬৩১ পৃ. ; |
| Size | ২২ সেমি. |
| 650 ## - SUBJECT ADDED ENTRY--TOPICAL TERM | |
| Topical term or geographic name as entry element | দর্শন |
| 9 (RLIN) | 117546 |
| Form subdivision | ইতিহাস |
| Topical term or geographic name as entry element | Philosophy |
| 9 (RLIN) | 117547 |
| Form subdivision | History |
| 700 ## - ADDED ENTRY--PERSONAL NAME | |
| Personal name | ফজল, আবুল অনুদিত |
| 942 ## - ADDED ENTRY ELEMENTS (KOHA) | |
| Source of classification or shelving scheme | Dewey Decimal Classification |
| Koha item type | Books |
| Lost status | Source of classification or shelving scheme | Damaged status | Not for loan | Collection code | Permanent Location | Current Location | Shelving location | Date acquired | Source of acquisition | Cost, normal purchase price | Total Checkouts | Full call number | Date last seen | Date checked out | Copy number | Koha item type |
|---|---|---|---|---|---|---|---|---|---|---|---|---|---|---|---|---|
| Dewey Decimal Classification | Non-fiction | Central Library, University of Rajshahi | Central Library, University of Rajshahi | 03/08/1983 | Aligor library, Rajshahi | 50.00 | 6 | B 109 DUD 1980 | 29/12/2016 | 31/01/2016 | C-2 | Books | ||||
| Dewey Decimal Classification | Non-fiction | Central Library, University of Rajshahi | Central Library, University of Rajshahi | 03/08/1983 | Aligor library, Rajshahi | 50.00 | B 109 DUD 1980 | 02/05/2016 | C-3 | Books | ||||||
| Dewey Decimal Classification | Non-fiction | Central Library, University of Rajshahi | Central Library, University of Rajshahi | 03/08/1983 | Aligor library, Rajshahi | 50.00 | 1 | B 109 DUD 1980 | 16/01/2017 | 30/12/2016 | C-4 | Books | ||||
| Dewey Decimal Classification | Non-fiction | Central Library, University of Rajshahi | Central Library, University of Rajshahi | 03/08/1983 | Aligor library, Rajshahi | 50.00 | B 109 DUD 1980 | 02/05/2016 | C-5 | Books | ||||||
| Dewey Decimal Classification | Non-fiction | Central Library, University of Rajshahi | Central Library, University of Rajshahi | 03/08/1980 | Aligor library, Rajshahi | 50.00 | B 109 DUD 1980 | 02/05/2016 | C-6 | Books | ||||||
| Dewey Decimal Classification | Non-fiction | Central Library, University of Rajshahi | Central Library, University of Rajshahi | 03/08/1980 | Aligor library, Rajshahi | 50.00 | 1 | B 109 DUD 1980 | 15/11/2016 | 30/10/2016 | C-7 | Books | ||||
| Dewey Decimal Classification | Non-fiction | Central Library, University of Rajshahi | Central Library, University of Rajshahi | 03/08/1983 | Aligor library, Rajshahi | 50.00 | B 109 DUD 1980 | 02/05/2016 | C-8 | Books | ||||||
| Dewey Decimal Classification | Non-fiction | Central Library, University of Rajshahi | Central Library, University of Rajshahi | 03/08/1983 | Aligor library, Rajshahi | 50.00 | B 109 DUD 1980 | 20/07/2016 | C-9 | Books | ||||||
| Dewey Decimal Classification | Not For Loan | Non-fiction | Central Library, University of Rajshahi | Central Library, University of Rajshahi | Reading Room | 03/08/1983 | Aligarh library, Rajshahi | 50.00 | B 109 DUD 1980 | 04/12/2016 | C-1 | Books | ||||
| Dewey Decimal Classification | Non-fiction | Central Library, University of Rajshahi | Central Library, University of Rajshahi | 30/06/1981 | Ureka Book Akademi, Rajshahi | 50.00 | 3 | B 109 DUD 1980 | 17/04/2017 | 02/04/2017 | C-10 | Books |